Guerras del Palatinado y de los Estados Bajos / (Record no. 155837)

MARC details
000 -LEADER
campo de control de longitud fija 00877nam a22002175i 4500
001 - NÚMERO DE CONTROL
campo de control 155837
003 - IDENTIFICADOR DE NÚMERO DE CONTROL
campo de control ES-MaACL
005 - FECHA Y HORA DE LA ÚLTIMA TRANSACCIÓN
campo de control 20250820150540.0
008 - DATOS DE LONGITUD FIJA--INFORMACIÓN GENERAL
campo de control de longitud fija 940202s1884 sp |||| | spa d
040 ## - FUENTE DE CATALOGACIÓN
Centro catalogador/agencia de origen AR
Lengua de catalogación spa
100 1# - ENTRADA PRINCIPAL--NOMBRE DE PERSONA
Nombre de persona Ibarra, Francisco de.
9 (RLIN) 128133
245 10 - MENCIÓN DEL TÍTULO
Título Guerras del Palatinado y de los Estados Bajos /
Mención de responsabilidad, etc. por Francisco de Ibarra y Carlos Coloma.
260 ## - PUBLICACIÓN, DISTRIBUCIÓN, ETC.
Lugar de publicación, distribución, etc. Barcelona :
Nombre del editor, distribuidor, etc. [s.n.],
Fecha de publicación, distribución, etc. 1884 (
Fabricante Imp. de la V. e H. de J. Subirana)
300 ## - DESCRIPCIÓN FÍSICA
Extensión 2 v. ;
Dimensiones 19 cm.
490 1# - MENCIÓN DE SERIE
Mención de serie La Verdadera Ciencia Española ;
Designación de volumen o secuencia 44-45. Biblioteca económica
650 #4 - PUNTO DE ACCESO ADICIONAL DE MATERIA--TÉRMINO DE MATERIA
Término de materia o nombre geográfico como elemento de entrada Paises Bajos-
Subdivisión general Historia-
Subdivisión cronológica Hasta 1621.
9 (RLIN) 136646
700 1# - ENTRADA AGREGADA--NOMBRE PERSONAL
Nombre de persona Coloma, Carlos,
Fechas asociadas al nombre ca. 1567-1637
9 (RLIN) 126547
830 03 - PUNTO DE ACCESO ADICIONAL DE SERIE-TÍTULO UNIFORME
Título uniforme La verdadera ciencia española: biblioteca económica
Designación de volumen o secuencia 44-45. Biblioteca económica
9 (RLIN) 188044
852 ## - LOCALIZACIÓN
Ubicación ES-MaACL
Número de control de estantería F-10506-10507
Nota libre -- Enc. hol.
Holdings
Estatus retirado Estado de pérdida Estado de daño No para préstamo Colección Biblioteca de origen Biblioteca actual Ubicación en estantería Fecha de adquisición Fuente de adquisición Total de préstamos Signatura topográfica completa Código de barras Visto por última vez Precio de reemplazo Tipo de ítem Koha
        Libros del s. XIX Biblioteca del Ateneo de Madrid Biblioteca del Ateneo de Madrid Sala Pecera Planta 2 17/01/2008     F-10506-10507 1163017 23/02/2023 23/02/2023 Libro impreso antiguo